| 000 | 00616nam a22002297a 4500 | ||
|---|---|---|---|
| 003 | UA-OsUOA | ||
| 001 | 36583 | ||
| 007 | ta | ||
| 008 | 20060203b un ||||| |||| 00| 0 ukr d | ||
| 090 |
_a821,133,1 _bВ40 |
||
| 942 | _cBK | ||
| 040 |
_aUA-OsUOA _bukr _cUA-OsUOA _dUA-OsUOA |
||
| 245 |
_aВечорова гармонія _cПетровець І. |
||
| 300 | _a280 с. | ||
| 955 | _a3 | ||
| 041 | _aukr | ||
| 080 | _a821,133,1 | ||
| 020 | _a966-671-049-8 | ||
| 260 |
_aУжгород _bКарпати _c2004 |
||
| 650 | 7 |
_a82 Література. Літературознавство _2UDC |
|
| 999 |
_c322817 _d322817 |
||